Fr. Conceicao Rodrigues College of Engineering

Unix/Linux/FAQ with tips (Record no. 20557)

MARC details
000 -LEADER
fixed length control field 00275nam a2200133Ia 4500
100 ## - MAIN ENTRY--PERSONAL NAME
Personal name Venkateswarlu/N.B
245 ## - TITLE STATEMENT
Title Unix/Linux/FAQ with tips
260 ## - PUBLICATION, DISTRIBUTION, ETC.
Name of publisher, distributor, etc. BS Publication
Date of publication, distribution, etc. 2007
300 ## - PHYSICAL DESCRIPTION
Extent 230
546 ## - LANGUAGE NOTE
Language note ENGLISH
650 ## - SUBJECT ADDED ENTRY--TOPICAL TERM
Topical term or geographic name entry element Computers
942 ## - ADDED ENTRY ELEMENTS (KOHA)
Koha item type BOOK
Holdings
Withdrawn status Lost status Damaged status Not for loan Collection Home library Current library Date acquired Total Checkouts Full call number Barcode Date last seen Price effective from Koha item type
        CRC Fr. Agnel's C.Rodrigues College of Engineering Fr. Agnel's C.Rodrigues College of Engineering 17/03/2023   18096 17/03/2023   BOOK